Κατάλογος Βιβλιοθηκών Mediterranean College

Τουρισμός / Οικονομικές Προσεγγίσεις (Record no. 6341)

MARC details
000 -LEADER
fixed length control field 01328cam a22001934a 4500
005 - ΗΜΕΡΟΜΗΝΙΑ ΚΑΙ ΩΡΑ ΤΕΛΕΥΤΑΙΑΣ ΕΝΗΜΕΡΩΣΗΣ
Πεδίο ελέγχου 20250605164239.0
008 - FIXED-LENGTH DATA ELEMENTS--GENERAL INFORMATION
Πεδίο ελέγχου σταθερού μήκους 250528s ||||||||||||||||||||||||d
035 ## - SYSTEM CONTROL NUMBER
System control number 21276
020 ## - ISBN
ISBN 9789607860004
040 ## - ΠΗΓΗ ΚΑΤΑΛΟΓΟΓΡΑΦΗΣΗΣ
Φορέας πρωτότυπης καταλογογράφησης MC Athens Campus Library
Γλώσσα καταλογογράφησης Ελληνικά, Μοντέρνα (1453-)
Modifying agency MC Athens Campus Library
Κανόνες περιγραφικής καταλογογράφησης AACR2
245 1# - ΤΙΤΛΟΣ ΚΑΙ ΔΗΛΩΣΗ ΥΠΕΥΘΥΝΟΤΗΤΑΣ
Τίτλος Τουρισμός / Οικονομικές Προσεγγίσεις
260 ## - PUBLICATION, DISTRIBUTION, ETC.
Name of publisher, distributor, etc. Προπομπός,
Date of publication, distribution, etc. 2008
300 ## - PHYSICAL DESCRIPTION
Extent 304
520 ## - SUMMARY, ETC.
Summary, etc. Το Τουριστικό Φαινόμενο: Η Διαχρονική Επισκόπηση και Εννοιολογικές Προσεγγίσεις, Οι Τουριστικές Ροές: Ιδιομορφίες και Χαρακτηριστικά και Προσδιοριστικοί Παράγοντες της Τουριστικής Ζήτησης, Το Τουριστικό Προϊόν: Οι Συγχρονές Δομές της Υποδοχής και Οι Ενδιάμεσοι του Τουριστικού Ενδιαφέροντος, Οι Οικονομικές Επιπτώσεις του Τουρισμού: Ο Πολυδιάστατος Ρόλος του Τουρισμού στα Πλαίσια της Εθνικής Οικονομίας, Συμπεράσματα, Βιβλιογραφία.
700 1# - ΠΡΟΣΘΕΤΗ ΑΝΑΓΡΑΦΗ--ΦΥΣΙΚΟ ΠΡΟΣΩΠΟ
Personal name Βαρβαρέσος Στέλιος
9 (RLIN) 5584
942 ## - ADDED ENTRY ELEMENTS (KOHA)
Koha item type Books
Holdings
Τύπος τεκμηρίου Βιβλιοθήκη Τρέχουσα τοποθεσία Barcode Αριθμός εισαγωγής Ημερομηνία απόκτησης Ταξιθετικό σύμβολο Αριθμός αντιτύπου Κατάσταση απόσυρσης Κατάσταση χαμένου Κατάσταση κατεστραμμένου Μη δανεισμός Σύνολο δανεισμών Ημερομηνία τελευταίας εμφάνισης Η τιμή ισχύει από
Books MC Athens Campus Library MC Athens Campus Library 9780000063403 5360 05/06/2025 338.479 1 BAR 1           05/06/2025 05/06/2025

MC Athens Campus Library
Πατησίων 94 & Κοδριγκτώνος 13, 104 34
Πελλήνης 8 & Πατησίων 107, 112 51
Τ: +30 210 8899600

MC Thessaloniki Campus Library
Ίωνος Δραγούμη 21, 54625 | Ίωνος Δραγούμη 15, 54625
Τ: +30 2310 287779 – Τ: +30 2314 440300